000 00997nam a2200229Ia 4500
999 _c56655
_d56655
001 23777
003 GE_BSU
005 20241018174819.0
008 181216s1993||||ge |||||||||||||| ||geo||
020 _a5511003808
040 _cGE_BSU
080 _a612.8(075.8)
100 _aიოსელიანი, თეიმურაზ
_923461
245 _aზოგადი ნეიროფიზიოლოგია :
_bსახელმღვ. უმაღ. სასწ. სტ /
_cთ. იოსელიანი; რედ.: თ. ნანეიშვილი.
264 _aთბილისი :
_bთბილ. უნ-ტის გამ-ბა,
_c1993.
300 _a310გვ. ;
_b 25სმ.
541 _h10 ლ.
653 _aზოგადი ნეიროფიზიოლოგია
653 _aმედიცინა
856 _uhttps://dspace.nplg.gov.ge/bitstream/1234/465119/1/Zogadi_Neirofiziologia_1993.pdf
_yელ. ვერსია
942 _cBK
_2udc